Az osztalékpolitika és részvényárfolyamok.

Podniková politika v oblasti dividend a jej neúčinnosť podľa Modiglianiho a Millera. Stanovenie ceny podniku. Investície a rast dividend. Pôsobenie daní. Inštitúcie ako investori. Informačný obsah výplaty dividend. Vydanie akcií a trhový kurz. Prax politiky stanovenia dividend. Dividendy z akcií a i...

Ausführliche Beschreibung

Gespeichert in:
Bibliographische Detailangaben
1. Verfasser: Jaksity, Gy
Format: Buchkapitel
Sprache:Ungarisch
Schlagworte:
Tags: Tag hinzufügen
Keine Tags, Fügen Sie das erste Tag hinzu!

MARC

LEADER 00000naa a2200000 4500
001 r005681
005 20221125114006.5
041 0 |a hun 
044 |a HU 
245 1 0 |a Az osztalékpolitika és részvényárfolyamok.  |c Gy. Jaksity 
520 |a Podniková politika v oblasti dividend a jej neúčinnosť podľa Modiglianiho a Millera. Stanovenie ceny podniku. Investície a rast dividend. Pôsobenie daní. Inštitúcie ako investori. Informačný obsah výplaty dividend. Vydanie akcií a trhový kurz. Prax politiky stanovenia dividend. Dividendy z akcií a ich spätný nákup. Gordonov model rastu. 
610 2 0 |a dividendy 
610 2 0 |a akcie 
610 2 0 |a investície 
610 2 0 |a modely rastu 
610 2 0 |a kurz burzový 
100 1 |a Jaksity, Gy.